Catálogo de la Biblioteca Horacio González - Universidad Nacional de General Sarmiento

XXY (Registro nro. 54919)

Detalles MARC
000 -CABECERA
campo de control de longitud fija 01349ngm a22002890a 4500
001 - NÚMERO DE CONTROL
campo de control PT35847
003 - IDENTIFICADOR DEL NÚMERO DE CONTROL
campo de control AR-LpoUNG
005 - FECHA Y HORA DE LA ÚLTIMA TRANSACCIÓN
campo de control 20210202000452.0
007 - CAMPO FIJO DE DESCRIPCIÓN FÍSICA--INFORMACIÓN GENERAL
campo de control de longitud fija vd cvaizq
008 - DATOS DE LONGITUD FIJA--INFORMACIÓN GENERAL
campo de control de longitud fija 191001suuuu||||ag |||||||||||||||||spa d
037 ## - FUENTE DE ADQUISICIÓN
Condiciones de disponibilidad $8,91
040 ## - FUENTE DE LA CATALOGACIÓN
Centro catalogador/agencia de origen AR-LpoUNG
Lengua de catalogación spa
Centro/agencia transcriptor AR-LpoUNG
Normas de descripción aacr
041 ## - CÓDIGO DE LENGUA
Código de lengua del texto/banda sonora o título independiente spa
044 ## - CÓDIGO DEL PAÍS DE LA ENTIDAD EDITORA/PRODUCTORA
Código MARC del país ag
082 0# - NÚMERO DE LA CLASIFICACIÓN DECIMAL DEWEY
Número de clasificación 305.3 976xxy
100 1# - ENTRADA PRINCIPAL--NOMBRE DE PERSONA
Nombre de persona Puenzo, Lucía
Término indicativo de función/relación dir.
245 10 - MENCIÓN DE TÍTULO
Título XXY
260 ## - PUBLICACIÓN, DISTRIBUCIÓN, ETC.
Lugar de publicación, distribución, etc. Buenos Aires :
Nombre del editor, distribuidor, etc. AVH,
Fecha de publicación, distribución, etc. 2007.
300 ## - DESCRIPCIÓN FÍSICA
Extensión DVD (90 min.) : son., col.
505 0# - NOTA DE CONTENIDO CON FORMATO
Nota de contenido con formato Subtítulos en inglés, francés e italiano. - Créditos: Fotografía, Natasha Braier, música, Daniel Tarrab, Andrés Goldstei; montaje, Alex Zito, Hugo Primero - Elenco: Ricardo Darín, Valeria Bertuccelli, Inés Efrón, Germán Palacios, Carolina Peleritti
520 ## - SUMARIO, ETC.
Sumario, etc. Alex es una joven de 15 años que esconde un secreto. Cuando nació sus padres decidieron instalarse en una cabaña aislada en las afueras de Piriápolis. Una pareja de amigos de sus padres, van de visita con su hijo adolescente Alvaro. El padre de Alvaro es un cirujano plástico y aceptó la invitación por su interés médico en Alex. Entre los jóvenes surge una atracción muy fuerte que hace que sus padres se enfrenten a lo que menos querían
650 #4 - PUNTO DE ACCESO ADICIONAL DE MATERIA--TÉRMINO DE MATERIA
Término de materia o nombre geográfico como elemento de entrada DRAMA
653 ## - TÉRMINO DE INDIZACIÓN--NO CONTROLADO
Término no controlado CINE ARGENTINO
653 ## - TÉRMINO DE INDIZACIÓN--NO CONTROLADO
Término no controlado VIDEOS
905 ## - ELEMENTOS DE DATOS E LOCAL, LDE (RLIN)
a 35847
942 ## - ELEMENTOS DE PUNTO DE ACCESO ADICIONAL (KOHA)
Tipo de ítem Koha DVD
Existencias
Estado de retiro Estado de pérdida Estado dañado No para préstamo Código de colección Localización permanente Ubicación/localización actual Fecha de adquisición Total de préstamos Signatura topográfica completa Código de barras Fecha visto por última vez Precio válido a partir de Tipo de ítem Koha
        Colección Cine Biblioteca Universidad Nacional de General Sarmiento Biblioteca Universidad Nacional de General Sarmiento 02/02/2021   305.3 976xxy 00043213 02/02/2021 02/02/2021 DVD
        Colección Cine Biblioteca Universidad Nacional de General Sarmiento Biblioteca Universidad Nacional de General Sarmiento 02/02/2021   305.3 976xxy 00044216 02/02/2021 02/02/2021 DVD